| 000 | 00762nam a2200241 i 4500 | ||
|---|---|---|---|
| 001 | 000036475 | ||
| 003 | DO-SdBNP | ||
| 005 | 20260420111452.0 | ||
| 007 | ta | ||
| 008 | 120118s2000 pe a 000 0 spa d | ||
| 040 |
_aDO-SdBNP _bspa _cBNPHU _erda |
||
| 041 | _aspa | ||
| 082 | 4 |
_axxx _bxxx _222 |
|
| 100 |
_aMaríñez., Pablo A., _eautor _4aut. _95748 |
||
| 245 | 1 | 0 |
_aNicomedes Santa Cruz : _bdecimista, poeta y folklorista afroperuano / _cPablo A. Maríñez. |
| 250 | _asegunda edición | ||
| 264 |
_aLima, Perú : _bMunicipalidad Metropolitana de Lima, _c2000. |
||
| 300 |
_a157 páginas : _bilustraciones ; _c21 cm. |
||
| 336 |
_atexto _btxt _2rdacontent |
||
| 337 |
_asin mediación _bn _2rdamedia |
||
| 338 |
_avolumen _bnc _2rdacarrier |
||
| 942 |
_2ddc _cLBS1 |
||
| 999 |
_c35966 _d35966 |
||